| 000 | 00711nam a2200229Ia 4500 | ||
|---|---|---|---|
| 003 | BUBTL | ||
| 008 | 151213s9999 xx 000 0 und d | ||
| 020 | _a8185617643 | ||
| 082 |
_a808.06665/ B3268/ 2000 _b |
||
| 100 |
_aBough, L. Sue _94862 |
||
| 245 |
_aHow to write first class business correspondence : the handbook for business writing / _cL. Sue Bough & others |
||
| 250 | _a1st Edn | ||
| 260 |
_aNew Delhi _bViva books _cc2000 |
||
| 300 |
_a[vii], 301p.: _c22 cm. |
||
| 500 | _aIncludes index | ||
| 650 |
_a English Language _94863 |
||
| 650 | _aEnglish Language | ||
| 700 |
_aL. Sue Bough & others _94864 |
||
| 856 |
_k0 _l0 _yDownload |
||
| 942 |
_2ddc _cBK |
||
| 999 |
_c965 _d965 |
||